000 00774nam a2200241Ka 4500
008
020 _a085369687X (hbk.)
049 _aMAIN
090 _aREF RS141.3
_bMAR
245 0 0 _aMartindale :
_bthe complete drug reference, Part 3- preparations /
_cedited by Sean C. Sweetman.
250 _a35th ed.
260 _aLondon :
_bPharmaceutical Press,
_c2007.
300 _aiii, 2191- 3322 p. :
_bill. ;
_c29 cm.
500 _aIncludes index.
504 _aIncludes bibliographical references.
650 0 _aPharmacopoeias
_zGreat Britain
_vDatabases.
650 0 _aDrugs
_vDatabases.
907 _a.b10285908
_b21-05-13
_c01-11-10
003
005 20230120204032.0
040 _cNUST
942 _cBOOKS
_kREF RS141.3
_mMAR
999 _c115947
_d115947